Score 0/15 Timer 05:00
18 Plays Today
% Correct
Apples
98.2%
Almonds
94.9%
Avocado
90.1%
Asparagus
89.3%
Alphabet Soup
85.6%
Artichokes
76%
Animal Crackers
75.8%
Anchovies
73.2%
% Correct
Apricot
66.6%
Angel Hair Pasta
59.9%
Angel Food Cake
59.9%
Arugula
42.6%
Acorn Squash
35%
Asiago Cheese
16.8%
Abalone
8.5%
Remove Ads.
Support Sporcle.
Get the best of Sporcle when you Go Orange. This ad-free experience offers more features, more stats, and more fun while also helping to support Sporcle. Thank you for becoming a member.

You're not logged in!

Compare scores with friends on all Sporcle quizzes.
OR
Log In

Show Comments

Extras

Top Quizzes Today


Score Distribution

Your Account Isn't Verified!

In order to create a playlist on Sporcle, you need to verify the email address you used during registration. Go to your Sporcle Settings to finish the process.

Report this User

Report this user for behavior that violates our Community Guidelines.

Details: